LEADER 01071nam a2200277 i 4500 001 000000163260 003 CaOOAMICUS 005 20240212120028.0 008 070723s1963 it u000 u ita u 013 $a140624 040 $aSeMil$bita 100 1 $aSartre, Jean-Paul <1905-1980>.$0(OLS)http://semarc/name/526 245 10$aChe cos'è la letteratura? /$cJean-Paul Sartre ; traduzioni di Domenico Tarizzo ... [et al.]. 250 $a2. ed. 260 $aMilano :$bIl Saggiatore,$c1963. 300 $aX, 359 p. ;$c21 cm. 490 0 $aLa cultura ;$v7 650 4$aLetteratura - Saggi.$0(OLS)http://semarc/subject/200 700 1 $aTarizzo, Domenico.$0(OLS)http://semarc/name/37629 830 3$aLa cultura ;$v7.$0(OLS)http://semarc/title/6877 850 $aSeMil 852 $aSeMil$W1$xVenegono$y1$m1R V 13$j246029$B114558$CSeMilBibl$Z2$F125375 $81 961 $aRecupero: Altro 996 $6245$aChe cos'è la letteratura?$9(OLS)http://semarc/title/145465 996 $6260$aMilano :$bIl Saggiatore$9(OLS)http://semarc/publisher/30255 LEADER 00999nam a2200241 i 4500 001 000000113710 003 CaOOAMICUS 005 20050804000000.0 008 050804s1979 it u000 u ita u 013 $a86396 040 $aSeMil$bita 245 10$aDisegni di Cézanne /$ccatalogo a cura di Nello Ponente. 260 $aMilano :$bElecta,$ccopyr. 1979. 300 $a141 p. :$briccamente ill. ;$c25 cm. 500 $aContiene : Bibliografia. - Catalogo della Mostra tenuta a Roma, Palazzo Braschi, 13 febbraio-30 marzo 1979. - Fondo Ciprandi. 650 4$aCézanne, Paul <1839-1906> - Opere.$0(OLS)http://semarc/subject/20649 700 1 $aPonente, Nello.$0(OLS)http://semarc/name/47578 850 $aSeMil 852 $aSeMil$W1$xVenegono$y1$m5P XVI 23$j69370$B69370$CSeMilBibl$Z2$F101307 $81 941 1 $a1 961 $aOmaggio: Ciprandi dott. Paolo 996 $6245$aDisegni di Cézanne$9(OLS)http://semarc/title/166076 996 $6260$aMilano :$bElecta$9(OLS)http://semarc/publisher/29711